Smith, hogan and ormerod's criminal law / (Record no. 22999)
[ view plain ]
| 000 -LEADER | |
|---|---|
| fixed length control field | 00609cam a22002055i 4500 |
| 003 - CONTROL NUMBER IDENTIFIER | |
| control field | KenMUT |
| 005 - DATE AND TIME OF LATEST TRANSACTION | |
| control field | 20250717115922.0 |
| 008 - FIXED-LENGTH DATA ELEMENTS--GENERAL INFORMATION | |
| fixed length control field | 240607s2024 nyu 000 0 eng |
| 020 ## - INTERNATIONAL STANDARD BOOK NUMBER | |
| International Standard Book Number | 9780198890942 |
| 040 ## - CATALOGING SOURCE | |
| Transcribing agency | MUT |
| 050 ## - LIBRARY OF CONGRESS CALL NUMBER | |
| Classification number | KD 7869 |
| Item number | .O76 2024 |
| 100 1# - MAIN ENTRY--PERSONAL NAME | |
| Personal name | Ormerod, David, |
| Relator term | author. |
| 245 10 - TITLE STATEMENT | |
| Title | Smith, hogan and ormerod's criminal law / |
| 250 ## - EDITION STATEMENT | |
| Edition statement | 7th ed. |
| 264 #1 - PRODUCTION, PUBLICATION, DISTRIBUTION, MANUFACTURE, AND COPYRIGHT NOTICE | |
| Place of production, publication, distribution, manufacture | New York : |
| Name of producer, publisher, distributor, manufacturer | Oxford University Press, |
| Date of production, publication, distribution, manufacture, or copyright notice | 2024. |
| 650 ## - SUBJECT ADDED ENTRY--TOPICAL TERM | |
| Topical term or geographic name entry element | Law |
| Form subdivision | Criminal law |
| 700 1# - ADDED ENTRY--PERSONAL NAME | |
| Personal name | Laird, Karl, |
| Relator term | author. |
| 700 1# - ADDED ENTRY--PERSONAL NAME | |
| Personal name | Gibson, Matthew, |
| Relator term | author. |
| 942 ## - ADDED ENTRY ELEMENTS (KOHA) | |
| Source of classification or shelving scheme | Library of Congress Classification |
| Koha item type | Books |
| Suppress in OPAC | No |
| Withdrawn status | Lost status | Source of classification or shelving scheme | Damaged status | Not for loan | Home library | Current library | Shelving location | Date acquired | Source of acquisition | Total checkouts | Full call number | Barcode | Date last seen | Price effective from | Koha item type |
|---|---|---|---|---|---|---|---|---|---|---|---|---|---|---|---|
| Library of Congress Classification | Murang'a University of Technology Library | Murang'a University of Technology Library | Law Library | 17/07/2025 | Purchase | KD 7869 .O76 2024 | 031959 | 17/07/2025 | 17/07/2025 | Books | |||||
| Library of Congress Classification | Murang'a University of Technology Library | Murang'a University of Technology Library | Law Library | 17/07/2025 | Purchase | KD 7869 .O76 2024 | 031958 | 17/07/2025 | 17/07/2025 | Books |